1048 1353 1066 1760 1194 1535 1369 1358 1576 1583 1642 1747 1634 1528 1125 1964 1209 1709 1199 1332 1624 1250 1454 1757 1179 1939 1296 1811 1637 1556 1793 1936 1835 1276 1112 1429 1477 1730 1287 1962 1827 1287 1585 1051 1438 1984 1126 1232 1564 1997 1117 1412 1104 1525 1628 1858 1388 1577 1244 1195 1236 1912 1098 1325 1653 1337 1747 1365 1892 1241 1377 1975 1245 1738 1180 1170 1111 1780 1227 1872 1426 1650 1960 1022 1905 1371 1364 1047 1898 1098 1719 1495 1352 1040 1379 1458 1120 1978 1123 BCNSPRNW ULIB Ver.6.0+V

เปลี่ยนเป็นภาษาไทย

Change to English
 แสดงรายละเอียดบรรณานุกรม
  กลับหน้าหลัก

Brief Record : Get Marc (ISO 2709) : E-mail record : QR code < ปิดหน้าต่าง
LEADER : 00000nam 2200000uu 4500
001    13399123111
003     ULIB
008    020711s2551 th a 000 0 tha d
020    9789749901250
060  4 WP100^bพ211ค
100    พนิตย์ จิวะนันทประวัติ
245    คุยกับหมอสูติฯ(ลับ)เฉพาะผู้หญิง /^cพนิตย์ จิวะนันทประวัติ
250    พิมพ์ครั้งที่ 1
260    กรุงเทพฯ :^bฐานบัณฑิต,^c2551
300    159 หน้า;^b21 ซม.
650    นรีเวช
650    ยาคุม
650    ยาลดความอ้วน
650    มะเร็งปากมดลูก
650    ไข้ทับระดู
650    ตกขาว
650    ปวดประจำเดือน
650    ห่วงอนามัย
650    มะเร็งเต้านม
650    ขูดมดลูก
945    ^p135^l0^i20297
999    ^aทศพร เกษรทอง
รายการนี้ยังไม่มีแท็ก
คุณยังไม่ได้ล็อกอิน คุณสามารถมีกิจกรรมร่วมกับเว็บไซต์ได้ แต่ต้องล็อกอินก่อน ::
  ล็อกอิน

รายการสื่อสารสนเทศ

ลำดับที่ ประเภท เลขเรียก/บาร์โค้ด สถานที่ สถานะ
1. วิทยาศาสตร์การแพทย์ และสุขภาพ
วิทยาศาสตร์การแพทย์ และสุขภาพ
สถานะ=หนังสือเก่า
WP100 พ211ค ฉ.1 
  Barcode: 20297
ห้องสมุดวิทยาเขตนครสวรรค์
►ส่วนจัดเก็บหนังสือเก่า นว.
บนชั้น
  ขอยืม

รายการใกล้เคียง
    ผู้แต่ง [พนิตย์ จิวะนันทประวัติ]

    หัวเรื่อง [นรีเวช]
    หัวเรื่อง [ยาคุม]
    หัวเรื่อง [มะเร็งปากมดลูก]
    หัวเรื่อง [ปวดประจำเดือน]
    หัวเรื่อง [มะเร็งเต้านม]

BibComment


ยังไม่เคยถูกคอมเมนท์

คอมเมนท์ทรัพยากรรายการนี้
  คอมเมนท์: คุยกับหมอสูติฯลับ..


 Copyright 2026. Bcnsprnw @Library